Java: cómo programar
Guardat en:
| Autors principals: | , |
|---|---|
| Format: | Llibre |
| Idioma: | espanyol |
| Publicat: |
Ciudad de México
Pearson Educación
2008
|
| Edició: | 7a. ed |
| Matèries: | |
| Etiquetes: |
Afegir etiqueta
Sense etiquetes, Sigues el primer a etiquetar aquest registre!
|
MARC
| LEADER | 00000nam a2200000 a 4500 | ||
|---|---|---|---|
| 001 | UCG1813 | ||
| 003 | CL-VaPUC | ||
| 008 | 100520e20080000MX |||||||||||||||||spa|d | ||
| 020 | |a 9789702611905 | ||
| 082 | 0 | 4 | |a 005.133 |b DEI |2 21 |
| 100 | 0 | |a Deitel, Paul J |e author |9 549841 | |
| 700 | 0 | |a Deitel, Harvey M |e author |9 549842 | |
| 245 | 1 | 0 | |a Java: cómo programar |
| 250 | |a 7a. ed | ||
| 300 | |a 1389 p | ||
| 942 | |c BK | ||
| 945 | |d 20100520 00:00:00 |a rbrito | ||
| 260 | |a Ciudad de México |b Pearson Educación |c 2008 | ||
| 500 | |a Incluye Cd-Rom | ||
| 650 | 0 | |a Java |9 370043 | |
| 650 | 0 | |a Lenguajes de programación |9 259458 | |
| 650 | 0 | |a Programación de computadores |9 259531 | |
| 650 | 0 | |a Programación orientada a objetos |9 549843 | |
| 583 | |a last modification |c 20150107 12:35:50 |k Rodrigo Vera | ||
| 999 | |c 341073 |d 341071 | ||
| 952 | |0 0 |1 0 |4 0 |6 005_133000000000000_DEI_2008 |7 0 |8 A |9 436292 |a BIBING |b BIBING |d 2019-11-22 |i 467622K |o 005.133 DEI 2008 |p 467622K |r 2025-01-20 |w 2019-11-22 |y BK |k CCI | ||
| 952 | |0 0 |1 0 |4 0 |6 005_133000000000000_DEI_2008 |7 0 |8 A |9 436293 |a BIBING |b BIBING |d 2019-11-22 |i 4676238 |o 005.133 DEI 2008 |p 4676238 |r 2025-01-20 |w 2019-11-22 |y BK |k CCI | ||
| 952 | |0 0 |1 0 |4 0 |6 005_133000000000000_DEI_2008 |7 0 |8 A |9 436294 |a BIBING |b BIBING |d 2019-11-22 |i 4676246 |o 005.133 DEI 2008 |p 4676246 |r 2025-01-20 |w 2019-11-22 |y BK |k CCI | ||
| 952 | |0 0 |1 0 |4 0 |6 005_133000000000000_DEI_2008 |7 0 |8 A |9 436295 |a BIBING |b BIBING |d 2019-11-22 |i 4676254 |o 005.133 DEI 2008 |p 4676254 |r 2025-01-20 |w 2019-11-22 |y BK |k CCI | ||
| 952 | |0 0 |1 0 |4 0 |6 005_133000000000000_DEI_2008 |7 0 |8 A |9 436296 |a BIBING |b BIBING |d 2019-11-22 |i 4676262 |o 005.133 DEI 2008 |p 4676262 |r 2025-01-20 |w 2019-11-22 |y BK |k CCI | ||
| 952 | |0 0 |1 0 |4 0 |6 005_133000000000000_DEI_2008 |7 0 |8 A |9 436298 |a BIBING |b BIBING |d 2019-11-22 |i 4676289 |o 005.133 DEI 2008 |p 4676289 |r 2024-01-25 |w 2019-11-22 |y BK |k CCI | ||
| 952 | |0 0 |1 0 |4 0 |6 005_133000000000000_DEI_2008 |7 0 |8 A |9 436300 |a BIBING |b BIBING |d 2019-11-22 |i 4676300 |o 005.133 DEI 2008 |p 4676300 |r 2025-01-20 |w 2019-11-22 |y BK |k CCI | ||
| 952 | |0 0 |1 0 |4 0 |6 005_133000000000000_DEI_2008 |7 0 |8 A |9 436301 |a BIBING |b BIBING |d 2019-11-22 |i 4676319 |o 005.133 DEI 2008 |p 4676319 |r 2025-01-20 |w 2019-11-22 |y BK |k CCI | ||
| 952 | |0 0 |1 0 |4 0 |6 005_133000000000000_DEI_2008 |7 0 |8 A |9 436302 |a BIBING |b BIBING |d 2019-11-22 |i 4761146 |o 005.133 DEI 2008 |p 4761146 |r 2025-01-20 |w 2019-11-22 |y BK |k CCI | ||
| 952 | |0 0 |1 0 |4 0 |6 005_133000000000000_DEI_2008 |7 0 |8 A |9 436303 |a BIBING |b BIBING |d 2019-11-22 |i 4761154 |o 005.133 DEI 2008 |p 4761154 |r 2025-01-20 |w 2019-11-22 |y BK |k CCI | ||
| 952 | |0 0 |1 0 |4 0 |6 005_133000000000000_DEI_2008 |7 0 |8 A |9 436306 |a BIBING |b BIBING |d 2019-11-22 |i 4761189 |o 005.133 DEI 2008 |p 4761189 |r 2025-01-20 |w 2019-11-22 |y BK |k CCI | ||
| 952 | |0 0 |1 0 |4 0 |6 005_133000000000000_DEI_2008 |7 0 |8 A |9 436307 |a BIBING |b BIBING |d 2019-11-22 |i 4761197 |o 005.133 DEI 2008 |p 4761197 |r 2025-01-20 |w 2019-11-22 |y BK |k CCI | ||
| 952 | |0 0 |1 0 |4 0 |6 005_133000000000000_DEI_2008 |7 0 |8 A |9 436308 |a BIBING |b BIBING |d 2019-11-22 |i 4761200 |o 005.133 DEI 2008 |p 4761200 |r 2025-01-20 |w 2019-11-22 |y BK |k CCI | ||
| 952 | |0 0 |1 0 |4 0 |6 005_133000000000000_DEI_2008 |7 0 |8 A |9 436309 |a BIBING |b BIBING |d 2019-11-22 |i 4761219 |o 005.133 DEI 2008 |p 4761219 |r 2025-01-20 |w 2019-11-22 |y BK |k CCI | ||
| 952 | |0 0 |1 0 |4 0 |6 005_133000000000000_DEI_2008 |7 0 |8 A |9 436310 |a BIBING |b BIBING |d 2019-11-22 |i 4761227 |o 005.133 DEI 2008 |p 4761227 |r 2023-03-02 |w 2019-11-22 |y BK |k CCI | ||
| 952 | |0 0 |1 0 |4 0 |6 005_133000000000000_DEI_2008 |7 0 |8 A |9 436311 |a BIBING |b BIBING |d 2019-11-22 |i 4761235 |o 005.133 DEI 2008 |p 4761235 |r 2025-01-20 |w 2019-11-22 |y BK |k CCI | ||
| 952 | |0 0 |1 0 |4 0 |6 005_133000000000000_DEI_2008 |7 0 |8 A |9 436312 |a BIBING |b BIBING |d 2019-11-22 |i 4761243 |o 005.133 DEI 2008 |p 4761243 |r 2025-01-20 |w 2019-11-22 |y BK |k CCI | ||
| 952 | |0 0 |1 0 |4 0 |6 005_133000000000000_DEI_2008 |7 0 |8 A |9 436313 |a BIBING |b BIBING |d 2019-11-22 |i 4761251 |o 005.133 DEI 2008 |p 4761251 |r 2025-01-20 |w 2019-11-22 |y BK |k CCI | ||
| 952 | |0 0 |1 0 |4 0 |6 005_133000000000000_DEI_2008 |7 0 |8 A |9 436314 |a BIBING |b BIBING |d 2019-11-22 |i 476126K |o 005.133 DEI 2008 |p 476126K |r 2025-01-20 |w 2019-11-22 |y BK |k CCI | ||
| 952 | |0 0 |1 0 |4 0 |6 005_133000000000000_DEI_2008 |7 0 |8 A |9 436316 |a BIBING |b BIBING |d 2019-11-22 |i 4761286 |o 005.133 DEI 2008 |p 4761286 |r 2025-01-20 |w 2019-11-22 |y BK |k CCI | ||
| 952 | |0 0 |1 0 |4 0 |6 005_133000000000000_DEI_2008 |7 0 |8 A |9 436317 |a BIBING |b BIBING |d 2019-11-22 |i 4761294 |o 005.133 DEI 2008 |p 4761294 |r 2025-01-20 |w 2019-11-22 |y BK |k CCI | ||
| 952 | |0 0 |1 0 |4 0 |6 005_133000000000000_DEI_2008 |7 0 |8 A |9 436318 |a BIBING |b BIBING |d 2019-11-22 |i 4761308 |o 005.133 DEI 2008 |p 4761308 |r 2025-01-20 |w 2019-11-22 |y BK |k CCI | ||
| 952 | |0 0 |1 0 |4 0 |6 005_133000000000000_DEI_2008 |7 0 |8 A |9 436319 |a BIBING |b BIBING |d 2019-11-22 |i 4761316 |o 005.133 DEI 2008 |p 4761316 |r 2025-01-20 |w 2019-11-22 |y BK |k CCI | ||
| 952 | |0 0 |1 0 |4 0 |6 005_133000000000000_DEI_2008 |7 0 |8 A |9 436321 |a BIBING |b BIBING |d 2019-11-22 |i 4761332 |l 3 |m 1 |o 005.133 DEI 2008 |p 4761332 |r 2025-01-20 |s 2022-03-28 |w 2019-11-22 |y BK |k CCI | ||
| 952 | |0 0 |1 0 |4 0 |6 005_133000000000000_DEI_2008 |7 0 |8 A |9 436323 |a BIBING |b BIBING |d 2019-11-22 |i 4770102 |o 005.133 DEI 2008 |p 4770102 |r 2025-01-20 |w 2019-11-22 |y BK |k CCI | ||
| 952 | |0 0 |1 0 |4 0 |6 005_133000000000000_DEI_2008 |7 0 |8 A |9 436324 |a BIBING |b BIBING |d 2019-11-22 |i 4770110 |o 005.133 DEI 2008 |p 4770110 |r 2025-01-20 |w 2019-11-22 |y BK |k CCI | ||
| 952 | |0 0 |1 0 |4 0 |6 005_133000000000000_DEI_2008 |7 0 |8 A |9 436325 |a BIBING |b BIBING |d 2019-11-22 |i 4770129 |o 005.133 DEI 2008 |p 4770129 |r 2025-01-20 |w 2019-11-22 |y BK |k CCI | ||
| 952 | |0 0 |1 0 |4 0 |6 005_133000000000000_DEI_2008 |7 0 |8 A |9 436326 |a BIBING |b BIBING |d 2019-11-22 |i 4770137 |o 005.133 DEI 2008 |p 4770137 |r 2025-01-20 |w 2019-11-22 |y BK |k CCI | ||
| 952 | |0 0 |1 0 |4 0 |6 005_133000000000000_DEI_2008 |7 0 |8 A |9 436328 |a BIBING |b BIBING |d 2019-11-22 |i 4770153 |o 005.133 DEI 2008 |p 4770153 |r 2025-01-20 |w 2019-11-22 |y BK |k CCI | ||
| 952 | |0 0 |1 0 |4 0 |6 005_133000000000000_DEI_2008 |7 0 |8 A |9 436329 |a BIBING |b BIBING |d 2019-11-22 |i 4770161 |o 005.133 DEI 2008 |p 4770161 |r 2025-01-20 |w 2019-11-22 |y BK |k CCI | ||
| 952 | |0 0 |1 0 |4 0 |6 005_133000000000000_DEI_2008 |7 0 |8 A |9 436330 |a BIBING |b BIBING |d 2019-11-22 |i 477017K |o 005.133 DEI 2008 |p 477017K |r 2025-01-20 |w 2019-11-22 |y BK |k CCI | ||
| 952 | |0 0 |1 0 |4 0 |6 005_133000000000000_DEI_2008 |7 0 |8 A |9 436331 |a BIBING |b BIBING |d 2019-11-22 |i 4770188 |o 005.133 DEI 2008 |p 4770188 |r 2025-01-20 |w 2019-11-22 |y BK |k CCI | ||
| 952 | |0 0 |1 0 |4 0 |6 005_133000000000000_DEI_2008 |7 0 |8 A |9 436332 |a BIBING |b BIBING |d 2019-11-22 |i 4770196 |o 005.133 DEI 2008 |p 4770196 |r 2025-01-20 |w 2019-11-22 |y BK |k CCI | ||
| 952 | |0 0 |1 0 |4 0 |6 005_133000000000000_DEI_2008 |7 0 |8 A |9 436334 |a BIBING |b BIBING |d 2019-11-22 |i 4770218 |o 005.133 DEI 2008 |p 4770218 |r 2025-01-20 |w 2019-11-22 |y BK |k CCI | ||
| 952 | |0 0 |1 0 |4 0 |6 005_133000000000000_DEI_2008 |7 0 |8 A |9 436335 |a BIBING |b BIBING |d 2019-11-22 |i 4770226 |o 005.133 DEI 2008 |p 4770226 |r 2025-01-20 |w 2019-11-22 |y BK |k CCI | ||